Manual de derecho político
Guardat en:
| Autor principal: | |
|---|---|
| Format: | Llibre |
| Idioma: | espanyol |
| Publicat: |
Buenos Aires
Kapelusz
1973
|
| Col·lecció: | Universitaria
|
| Matèries: | |
| Etiquetes: |
Afegir etiqueta
Sense etiquetes, Sigues el primer a etiquetar aquest registre!
|
MARC
| LEADER | 00000nam a2200000 a 4500 | ||
|---|---|---|---|
| 001 | UCT9609 | ||
| 003 | CL-VaPUC | ||
| 008 | 970411e19730000AG |||||||||||||||||spa|d | ||
| 082 | 0 | 4 | |a 320.011 |b LOP |2 21 |
| 100 | |a López, Mario Justo |e autor |9 517639 | ||
| 245 | 1 | 0 | |a Manual de derecho político |
| 300 | |a 474 p | ||
| 942 | |c BK | ||
| 945 | |d 19970411 00:00:00 |a paguirre | ||
| 260 | |a Buenos Aires |b Kapelusz |c 1973 | ||
| 650 | 7 | |a TEORIA POLITICA |2 CL-VaPUC |9 382463 | |
| 650 | 0 | |a Ciencias Políticas |9 255201 | |
| 650 | 7 | |a FILOSOFIA POLITICA |2 CL-VaPUC |9 382464 | |
| 650 | 0 | |a Estado |9 255503 | |
| 650 | 0 | |a Constituciones |9 255417 | |
| 650 | 0 | |a Poder político |9 255509 | |
| 650 | 7 | |a SISTEMAS POLITICOS |2 CL-VaPUC |9 382465 | |
| 650 | 0 | |a Democracia |9 255256 | |
| 583 | |a last modification |c 19970411 00:00:00 |k Rodrigo Vera | ||
| 490 | 0 | |a Universitaria | |
| 999 | |c 257991 |d 257989 | ||
| 952 | |0 0 |1 0 |4 0 |6 320_011000000000000_LOP_1973 |7 0 |8 A |9 281727 |a BIBDER |b BIBDER |d 2019-11-19 |i 1826670 |o 320.011 LOP 1973 |p 1826670 |r 2023-01-25 |w 2019-11-19 |y BK |k DER | ||